Constitution and regulations of the Scottish Branch 1947 (Record no. 105444)

MARC details
000 -LEADER
fixed length control field 00575cam a2200181 4500
001 - CONTROL NUMBER
control field ##L133667
008 - FIXED-LENGTH DATA ELEMENTS--GENERAL INFORMATION
fixed length control field #DATE n1955 000 0 eng u
035 ## - SYSTEM CONTROL NUMBER
System control number (Sirsi) u133667
041 0# - LANGUAGE CODE
Language code of text/sound track or separate title eng
050 04 - LIBRARY OF CONGRESS CALL NUMBER
Classification number 333.0062
110 2# - MAIN ENTRY--CORPORATE NAME
Corporate name or jurisdiction name as entry element Royal Institution of Chartered Surveyors
9 (RLIN) 4900
245 00 - TITLE STATEMENT
Title Constitution and regulations of the Scottish Branch 1947
260 ## - PUBLICATION, DISTRIBUTION, ETC.
Place of publication, distribution, etc. London
Name of publisher, distributor, etc. RICS
Date of publication, distribution, etc. 1955
300 ## - PHYSICAL DESCRIPTION
Extent 14p.
Dimensions 22cm.
520 ## - SUMMARY, ETC.
Summary, etc. Reprinted, with amendments, 1955.
690 ## - LOCAL SUBJECT ADDED ENTRY--TOPICAL TERM (OCLC, RLIN)
Topical term or geographic name as entry element ABOUT RICS-RICS STRUCTURE AND GOVERNANCE-RICS REGULATIONS-RICS CONDUCT REGULATIONS
942 ## - ADDED ENTRY ELEMENTS (KOHA)
Suppress in OPAC 0
Holdings
Withdrawn status Lost status Source of classification or shelving scheme Damaged status Not for loan Home library Current library Shelving location Date acquired Total Checkouts Full call number Barcode Date last seen Copy number Price effective from Koha item type
    Other/Generic Classification Scheme     London London RICS Boxes 31/05/2006   1955 133667-1001 06/08/2019 1 06/08/2019 Archive